|
|
|
|
| LEADER |
01340nam a2200289 a 4500 |
| 001 |
4017672 |
| 008 |
100923r20021998at a b 001 0 eng d |
| 010 |
|
|
|a 97035090
|
| 020 |
|
|
|a 8120316703
|
| 020 |
|
|
|a 013896887X (paperback)
|
| 040 |
|
|
|a DLC
|c DLC
|d DLC
|d DB-DhAAL
|
| 082 |
0 |
0 |
|a 004.2/1
|2 21
|
| 100 |
1 |
|
|a Hawryszkiewycz, Igor
|
| 245 |
1 |
0 |
|a Introduction to systems analysis and design /
|c Igor Hawryszkiewycz.
|
| 246 |
3 |
0 |
|a Systems analysis and design
|
| 250 |
|
|
|a 4th ed.
|
| 260 |
|
|
|a Sydney ;
|a New York ;
|a New Delhi :
|b Prentice Hall,
|c c1998.[reprinted 20002]
|
| 300 |
|
|
|a xviii, 484 p. :
|b ill. ;
|c 25 cm.
|
| 504 |
|
|
|a Includes bibliographical references and index.
|
| 541 |
1 |
|
|e 00012186
|
| 650 |
|
0 |
|a System analysis.
|
| 650 |
|
0 |
|a System design.
|
| 852 |
4 |
|
|a Ayesha Abed Library
|j General Shelf.
|
| 999 |
|
|
|c 9545
|d 9545
|
| 952 |
|
|
|0 0
|1 0
|2 ddc
|4 0
|6 004_210000000000000_HAW
|7 0
|9 12042
|a BRACUL
|b BRACUL
|c GEN
|d 2010-09-23
|g 195.00
|l 1
|o 004.21 HAW
|p 3010012186
|r 2018-01-23
|s 2018-01-16
|t 1
|w 2010-09-23
|y BK
|
| 952 |
|
|
|0 0
|1 0
|2 ddc
|4 0
|6 004_210000000000000_HAW
|7 0
|9 12043
|a BRACUL
|b BRACUL
|c GEN
|d 2010-09-23
|g 195.00
|l 0
|o 004.21 HAW
|p 3010012185
|r 2010-09-23
|t 2
|w 2010-09-23
|y BK
|
| 952 |
|
|
|0 0
|1 0
|2 ddc
|4 0
|6 004_210000000000000_HAW
|7 0
|9 12052
|a BRACUL
|b BRACUL
|c GEN
|d 2010-09-23
|g 195.00
|l 1
|m 1
|o 004.21 HAW
|p 3010012345
|r 2011-11-30
|s 2011-09-12
|t 3
|w 2010-09-23
|y BK
|